000 00384cam a2200157ua 4500
041 _amal
_h
082 _a894.812 308
_bKES/NA
100 _aKesava Dev, P .
245 _aNadi /
_cP Kesava Dev.
_hTextual Documents
250 _a1 /
_b.
260 _aKottayam :
_bSahitya Pravarthaka Co-operative Society.
300 _a192 ; .
504 _a
942 _cBK
999 _c6595
_d6595